<?xml version="1.0" encoding="UTF-8"?>
<collection xmlns="http://www.loc.gov/MARC21/slim">
 <record>
  <leader>00567cam a2200157 7i4500</leader>
  <controlfield tag="001">0000047399</controlfield>
  <controlfield tag="005">20051117090000.0</controlfield>
  <datafield tag="020" ind1="#" ind2="0">
   <subfield code="a">0714685682 (pbk.) </subfield>
  </datafield>
  <datafield tag="020" ind1="#" ind2="0">
   <subfield code="a">071465664X </subfield>
  </datafield>
  <datafield tag="090" ind1="0" ind2="0">
   <subfield code="a">JC 311 </subfield>
   <subfield code="b">C6</subfield>
  </datafield>
  <datafield tag="245" ind1="0" ind2="0">
   <subfield code="a">Community, identity and the state : </subfield>
   <subfield code="b">comparing Africa, Eurasia, Latin America, and the Middle East  </subfield>
   <subfield code="c">editor, Moshe Gammer.</subfield>
  </datafield>
  <datafield tag="260" ind1="#" ind2="#">
   <subfield code="a">London: </subfield>
   <subfield code="b">Routledge, </subfield>
   <subfield code="c">2004.</subfield>
  </datafield>
  <datafield tag="300" ind1="#" ind2="#">
   <subfield code="a">xii, 188 p.: </subfield>
   <subfield code="b">ill.; </subfield>
   <subfield code="c">25 cm..</subfield>
  </datafield>
  <datafield tag="650" ind1="0" ind2="0">
   <subfield code="a">Nationalism -- </subfield>
   <subfield code="x">Cross-cultural studies -- </subfield>
   <subfield code="x">Congresses </subfield>
  </datafield>
  <datafield tag="700" ind1="1" ind2="1">
   <subfield code="a">Gammer, </subfield>
   <subfield code="h">M. </subfield>
  </datafield>
  <datafield tag="999" ind1=" " ind2=" ">
   <subfield code="a">1100038341</subfield>
   <subfield code="b">Book</subfield>
   <subfield code="c">Open Shelf</subfield>
   <subfield code="e">KOLEKSI TERBUKA</subfield>
  </datafield>
 </record>
</collection>
